Revista Proceso
Guardado en:
| Institution som forfatter: | |
|---|---|
| Format: | Bog |
| Sprog: | Spanish |
| Tags: |
Tilføj Tag
Ingen Tags, Vær først til at tagge denne postø!
|
MARC
| LEADER | 00000nam a22000007a 4500 | ||
|---|---|---|---|
| 003 | cru CIDCACS/IIS | ||
| 005 | 20210529062537.0 | ||
| 008 | 210528b |||||||| |||| 00| 0 spa d | ||
| 022 | |a 0259-9864 | ||
| 040 | |a CRAI-IIS |b spa |c CRAI-IIS | ||
| 082 | 7 | 4 | |a REV0420 |
| 110 | 2 | |a Universidad Centroamericana José Simeón Cañas |b Instituto de Derechos Humanos |9 5316 | |
| 245 | |a Revista Proceso | ||
| 942 | |2 ddc |c PP | ||
| 999 | |c 43690 |d 43690 | ||
